000 00690nam a2200217Ia 4500
003 GCL
008 140319s9999 xx 000 0 ara d
040 _aGCL /
_cGCL
082 0 4 _a325.569
_bج س
100 1 _aجورجى كنعان
245 1 0 _aسقوط الامبراطورية الاسرائيلية /
_cجورجى كنعان
300 _a231 ص
490 _aالهيئة العامة للاستعلامات
_v0
650 0 4 _aالنزاع العربى الاسرائيلى
650 0 4 _aاسرائيل
650 0 4 _aالصهيونية
650 0 4 _aاليهود
650 0 4 _aاسرائيل - تاريخ
650 0 4 _aالاستعمار فى فلسطين
942 _2ddc
_cBK
999 _c51064
_d51064